000 00407cam a2200157ua 4500
003 OSt
008 221108b |||||||| |||| 00| 0 eng d
041 _aeng
082 _a338.9
_bKRI/PL
100 _aV.T, Krishna .
_95303
245 0 0 _aPlanning in India
260 _aBomay :
_bOrient longmans ,
_c1961.
300 _a
650 _aCultural unity/plannig/five year planns/irrigaton
_95304
942 _cBK
999 _c11145
_d11145